000 01605nam a2200301 4500
001 113462
003 DR-UNIBE
005 20250428133700.0
008 250421b2024 dr ||||| |||| 00| 0 spa d
020 _a9789945251074
040 _aBIBLIOTECA UNIBE
_bspa
_cBIBLIOTECA UNIBE
_erda
041 _aspa
082 _222
_a RD 866.3 G277c
100 1 0 _aGautier, Manuel María
_d1830-1897
_9194412
_eautor
245 1 0 _aCorrespondencia política de Manuel María Gautier en el exilio /
_cManuel María Gautier ; investigación, transcripción y cuidado de edición: Andrés Blanco Díaz ; diagramación y diseño de portada: Editorial Santuario; digitación: Pedro Blanco Díaz
250 _aPrimera edición
260 _aSanto Domingo :
_bArchivo General de la Nación (AGN),
_c 2024
300 _a 264 páginas :
_bfotos b/n ;
_c22 x 15 cm
490 _a Archivo General de la Nación ;
_v512
500 _aInformación sobre el autor en las solapas. Portada: fotografía de Manuel María Gautier publicada en el libro "Siluetas" de Miguel Ángel Garrido, colección de José Gabriel García
600 7 _2lemb
_aGautier, Manuel María, 1830-1897
_tCorrespondencia
_9194413
600 7 _2lemb
_aGautier, Manuel María, 1830-1897
_xExilio
_xCartas
_9194414
650 7 _2lemb
_aCorrespondencia política
_x Exilio
_ySiglo XIX
_zRepublica Dominicana
_9194618
700 1 0 _aBlanco Díaz, Andrés,
_d1954-
_9144547
_einvestigador
_etranscriptor
_eeditor
700 1 0 _a Blanco Díaz, Pedro
_9194408
_edigitador
710 1 0 _aEditorial Santuario
_9165984
_ediagramador
_ediseñador de portada
942 _2ddc
_cBK
999 _c113462
_d113462